| 000 | 00564nam a2200181Ia 4500 | ||
|---|---|---|---|
| 008 | 090630s9999 xx 000 0 und d | ||
| 082 | _b24918 | ||
| 100 | _aनागपूरकर हेमा. | ||
| 245 |
_aजेनी. _cनागपूरकर हेमा. |
||
| 260 |
_bमनोरमा - मुंबई. _c2004 |
||
| 300 | _a188 | ||
| 600 | _aनागपूरकर हेमा. | ||
| 630 | _aजेनी. | ||
| 655 | _aलघुकथा. | ||
| 700 | _aनागपूरकर हेमा. | ||
| 730 | _aजेनी. | ||
| 942 | _cBOOK | ||
| 999 |
_c276774 _d276774 |
||